000 00592nam a2200193Ia 4500
005 20260114185620.0
008 008 260114s9999 xx 000 0 eng d
020 _a9781474239615
037 _aEBOOK
040 _aCRL
_beng
_cCRL
041 _aeng
_2eng
084 _qCRL
100 _aBenjamin Ziemann
_9872247
245 0 _aViolence and the German Soldier in the Great War Killing, Dying, Surviving
260 _bBloomsbury
_c2017
856 _uhttps://doi.org/10.5040/9781474239615?locatt=label:secondary_bloomsburyCollections
942 _cEBOOK
999 _c1471195
_d1471195